| 000 | 01271cam2a220032500 4500 | ||
|---|---|---|---|
| 001 | lce00325568 | ||
| 008 | 700427s1968 sz a b 100 0 eng | ||
| 010 | _a 77372106 | ||
| 015 | _aSw68-A-866 | ||
| 020 | _c16.50 | ||
| 035 | _a(Sirsi) r45212 | ||
| 035 | _a(DLC) 77372106 | ||
| 035 | _a(UPRA)lce00325568 | ||
| 040 | _dUPRA | ||
| 050 | 0 |
_aQL55 _b.P74 vol. 1 |
|
| 082 | _a599.8 | ||
| 111 | 2 |
_aHolloman Symposium on Primate Immunology and Molecular Genetics (1st : 1966) _nHolloman Symposium on Primate Immunology and Molecular Genetics (1st : 1966) _dHolloman Symposium on Primate Immunology and Molecular Genetics (1st : 1966) _6A2858.1 |
|
| 245 | 1 | 0 |
_aFirst Holloman symposium on primate immunology and molecular genetics / _c[edited by] C.H. Kratochvil. |
| 260 |
_aBasel ; New York : _aBasel ; New York : _bKarger, _c1968. |
||
| 440 | 0 |
_aPrimates in medicine ; _vv.1 _6S1641.1 |
|
| 504 | _aIncludes bibliographies. | ||
| 650 | 0 |
_aPrimates. _6S90.1 |
|
| 650 | 0 |
_aImmunology. _6S187.1 |
|
| 650 | 0 |
_aGenetics. _6S675.1 |
|
| 700 | 1 |
_aKratochvil, Clyde Harding, 1923- _dKratochvil, Clyde Harding, 1923- _6A2859.1 |
|
| 710 | 1 |
_aHolloman Air Force Base (N.M.) _6A2860.1 |
|
| 949 |
_aQL55 _wlcc _mMAIN _tBOOK _lON-SHELF |
||
| 004 | 45212 | ||
| 987 | _aWITHDRAWN. | ||
| 999 |
_c163829 _d163829 |
||